|
|
|
|
| LEADER |
01325ppm a22003018a 4500 |
| 001 |
00033746 |
| 008 |
151124s2015 ||||||viesd |
| 005 |
20171026081025.0 |
| 041 |
0 |
# |
|a vie
|
| 082 |
1 |
4 |
|b NGH305C
|a 338.409 597 89
|
| 100 |
1 |
# |
|a Lê, Thị Thanh Yến
|
| 245 |
0 |
0 |
|a Nghiên cứu phát triển du lịch làng nghề truyền thống tại Thành phố Sa Đéc, tỉnh Đồng Tháp
|b Luận văn Thạc sĩ Du lịch. Chuyên ngành: Du lịch (Chương trình đào tạo thí điểm).
|c Lê Thị Thanh Yến; Trần Thúy Anh (hướng dẫn)
|
| 260 |
# |
# |
|a Hà Nội
|b Đại học Khoa học xã hội và nhân văn
|c 2015
|
| 300 |
# |
# |
|a 115 tr.+ phụ lục
|c 30cm.
|e 1 bản tóm tắt
|
| 500 |
# |
# |
|a ĐTTTS ghi: Bộ giáo dục và đào tạo. Trường Đại học Khoa học xã hội và nhân văn
|
| 653 |
# |
# |
|a Du lịch
|
| 653 |
# |
# |
|a Luận văn
|
| 653 |
# |
# |
|a Đồng Tháp
|
| 653 |
# |
# |
|a Phát triển
|
| 653 |
# |
# |
|a Làng nghề
|
| 700 |
1 |
# |
|a Trần, Thúy Anh
|e Hướng dẫn
|
| 852 |
# |
# |
|j LV.0000615
|
| 852 |
# |
# |
|b Kho đọc SĐH
|j LV.0000615
|
| 910 |
|
|
|d 24/11/2015
|
| 980 |
# |
# |
|a Trung tâm Học liệu Lê Vũ Hùng, Trường Đại học Đồng Tháp
|